[Event "División  Honor Aragonesa 2018 "]
[Site "Aragon"]
[Date "2018.03.17"]
[Round "8.32"]
[White "Ciriano Lamban, Alejandro"]
[Black "Sanjulian Arruga, Pablo"]
[Result "1/2-1/2"]
[WhiteElo "2073"]
[BlackElo "1788"]
[PlyCount "83"]
[EventDate "2018.??.??"]
[EventType "tourn"]
[EventRounds "10"]
[EventCountry "ESP"]
[WhiteTeam "Marcos Frechin"]
[BlackTeam "St. Casablanca B"]

1. c4 e6 2. Nc3 d5 3. d4 c6 4. e3 Nf6 5. Nf3 Bd6 6. Bd3 Nbd7 7. b3 O-O 8. Qc2
b6 9. e4 dxe4 10. Nxe4 Bb4+ 11. Bd2 Bxd2+ 12. Qxd2 Qc7 13. Qg5 Bb7 14. Nxf6+
Nxf6 15. Qe5 Qxe5+ 16. dxe5 Rad8 17. O-O-O Ng4 18. Bc2 Nxf2 19. Rxd8 Rxd8 20.
Rf1 Ng4 21. Ng5 Rd7 22. Bxh7+ Kh8 23. Bg6 Nxe5 24. Nxf7+ Nxf7 25. Rxf7 Rxf7 26.
Bxf7 e5 27. Kd2 g5 28. Ke3 Kg7 29. Bh5 Kf6 30. Bf3 a5 31. a3 Kf5 32. h3 Kf6 33.
Be4 Ke7 34. Kd3 Kd6 35. g3 Bc8 36. h4 gxh4 37. gxh4 Bg4 38. Ke3 c5 39. Bf3 Bf5
40. Be4 Bg4 41. Bf3 Bf5 42. Be4 1/2-1/2

[Event "Cto Aragon Equipos Pref Gr I "]
[Site "Aragon"]
[Date "2018.03.17"]
[Round "8.34"]
[White "Miranda Herrera, Jorge Manuel"]
[Black "Perez Puyal, Jose Joaquin"]
[Result "0-1"]
[WhiteElo "1858"]
[BlackElo "1877"]
[PlyCount "140"]
[EventDate "2018.??.??"]
[EventType "tourn"]
[EventRounds "9"]
[EventCountry "ESP"]
[WhiteTeam "Monsalud-Soluzion"]
[BlackTeam "Actur Rey Fernando"]

1. e4 d5 2. exd5 Qxd5 3. Nc3 Qa5 4. d4 Nf6 5. Nf3 c6 6. Bc4 Bf5 7. Ne5 e6 8. g4
Be4 9. O-O Bd5 10. Nxd5 cxd5 11. Bd3 Nc6 12. Nxc6 bxc6 13. c4 Bd6 14. c5 Be7
15. Bf4 h6 16. a3 Qd8 17. Qa4 Qd7 18. b4 O-O 19. b5 e5 20. Bf5 cxb5 21. Qa6 Qd8
22. Bxe5 Nd7 23. Bg3 Re8 24. Qxb5 Nf6 25. Rfe1 g6 26. Bc2 Nxg4 27. Ba4 Nf6 28.
Qe2 Qa5 29. Bxe8 Rxe8 30. Qd3 Ne4 31. f3 Nxg3 32. hxg3 Qc7 33. Re5 Rb8 34. Kg2
Rb2+ 35. Re2 Rxe2+ 36. Qxe2 Bf6 37. Qe8+ Kg7 38. Re1 Qa5 39. c6 Bxd4 40. c7
Qxc7 41. g4 Bf6 42. Qb5 Bh4 43. Qb2+ Bf6 44. Qd2 d4 45. a4 a5 46. Rc1 Qe5 47.
Rb1 Bg5 48. Qd3 Qf4 49. Rd1 Bf6 50. Qe4 Qg5 51. Qe2 h5 52. Rb1 hxg4 53. fxg4
Qd5+ 54. Kg1 d3 55. Qg2 Qc5+ 56. Kh1 Bg5 57. Qb2+ Bf6 58. Qg2 Qg5 59. Rd1 Qe3
60. Kh2 Be5+ 61. Kh1 Bc3 62. Rf1 d2 63. Qd5 Qh3+ 64. Kg1 Qxg4+ 65. Kh2 Qe2+ 66.
Kg1 {[%eval -32731,35]} Bf6 67. Qd7 Qe3+ 68. Kg2 Qe4+ 69. Kh3 Qe2 70. Qb5 Qe3+
0-1

[Event "Cto Aragon Equipos Pref Gr I "]
[Site "Aragon"]
[Date "2018.03.17"]
[Round "8.35"]
[White "Aviol Perez, Jose Mariano"]
[Black "Miranda Garcia, Eduardo"]
[Result "1-0"]
[WhiteElo "1786"]
[BlackElo "1810"]
[PlyCount "53"]
[EventDate "2018.??.??"]
[EventType "tourn"]
[EventRounds "9"]
[EventCountry "ESP"]
[WhiteTeam "Actur Rey Fernando"]
[BlackTeam "Monsalud-Soluzion"]

1. d4 d6 2. e4 Nf6 3. Nc3 g6 4. Bg5 Bg7 5. Qd2 O-O 6. Nf3 a6 7. O-O-O b5 8. e5
dxe5 9. dxe5 Qxd2+ 10. Rxd2 b4 11. exf6 bxc3 12. bxc3 exf6 13. Bf4 Nc6 14. Bc4
Ne5 15. Bd5 Rb8 16. Re1 Bb7 17. Nxe5 fxe5 18. Bxe5 Rfe8 19. Bxf7+ Kxf7 20. Rd7+
Re7 21. Rxe7+ Kxe7 22. Bxc7+ Kf7 23. Bxb8 Bxc3 24. Re3 Bd4 25. Rd3 Bxf2 26.
Rd7+ Ke8 27. Rxb7 1-0

[Event "Cto Aragon Equipos Pref Gr I "]
[Site "Aragon"]
[Date "2018.03.17"]
[Round "8.36"]
[White "Soto Fidalgo, Guillermo"]
[Black "Arbiol Val, Sergio"]
[Result "1-0"]
[WhiteElo "1809"]
[BlackElo "1631"]
[PlyCount "83"]
[EventDate "2018.??.??"]
[EventType "tourn"]
[EventRounds "9"]
[EventCountry "ESP"]
[WhiteTeam "Monsalud-Soluzion"]
[BlackTeam "Actur Rey Fernando"]

1. d4 d5 2. c4 c6 3. cxd5 cxd5 4. Nf3 Nf6 5. Nc3 Bf5 6. Bf4 e6 7. e3 Nbd7 8.
Bd3 Bg6 9. h3 Be7 10. O-O O-O 11. Bxg6 hxg6 12. Qd3 a6 13. Rfc1 b5 14. Ne2 Ne8
15. Rc6 Nb8 16. Rc2 Nd6 17. b3 Ne4 18. Rac1 Bd6 19. Ne5 Nd7 20. f3 Nxe5 21.
dxe5 Ba3 22. fxe4 Bxc1 23. Rxc1 dxe4 24. Qxe4 Qa5 25. Qb1 Rad8 26. Nd4 Qb6 27.
Rc6 Qa7 28. Rd6 Rc8 29. Bg5 Qc5 30. Qe4 a5 31. Nc6 f5 32. Qf3 Rc7 33. Rxe6 Kf7
34. Rd6 Re8 35. Nd8+ Kg8 36. Ne6 Qc1+ 37. Kh2 Rf7 38. Qd5 f4 39. Nd8 Qxe3 40.
Qxf7+ Kh7 41. Qxg6+ Kg8 42. Qxe8+ 1-0

[Event "Cto Aragon Equipos Pref Gr I "]
[Site "Aragon"]
[Date "2018.03.17"]
[Round "8.37"]
[White "Malo Guillen, Jose Luis"]
[Black "Galve Guinea, Alejandro"]
[Result "1/2-1/2"]
[WhiteElo "2113"]
[BlackElo "2019"]
[PlyCount "36"]
[EventDate "2018.??.??"]
[EventType "tourn"]
[EventRounds "9"]
[EventCountry "ESP"]
[WhiteTeam "Las Fuentes"]
[BlackTeam "El Olivar C"]

1. d4 d5 2. c4 c6 3. Nf3 Nf6 4. Nc3 dxc4 5. a4 Bf5 6. e3 e6 7. a5 Be7 8. Bxc4
O-O 9. O-O c5 10. Qb3 Nc6 11. a6 bxa6 12. Bxa6 Qb6 13. Qc4 Nb4 14. Qe2 Nxa6 15.
Rxa6 Qb7 16. h3 Ne4 17. Ra5 Qb4 18. Ra3 Qb7 1/2-1/2

[Event "Cto Aragon Equipos Pref Gr I "]
[Site "Aragon"]
[Date "2018.03.17"]
[Round "8.38"]
[White "Labrador Postigo, Francisco M"]
[Black "Alonso Blasco, Jose Miguel"]
[Result "0-1"]
[WhiteElo "1901"]
[BlackElo "1949"]
[PlyCount "86"]
[EventDate "2018.??.??"]
[EventType "tourn"]
[EventRounds "9"]
[EventCountry "ESP"]
[WhiteTeam "El Olivar C"]
[BlackTeam "Las Fuentes"]

1. d4 Nf6 2. Bf4 d6 3. e3 g6 4. h3 Bg7 5. Nf3 O-O 6. Nbd2 Nfd7 7. c3 e5 8. dxe5
dxe5 9. Bh2 Qe7 10. Be2 b6 11. a4 a5 12. O-O Bb7 13. Qc2 Ba6 14. Rfe1 Bxe2 15.
Rxe2 Na6 16. Rd1 Ndc5 17. Nc4 f6 18. Red2 Rad8 19. h4 Rxd2 20. Rxd2 Rd8 21. b3
Rxd2 22. Ncxd2 Qe6 23. Bg3 Qd5 24. Ne1 e4 25. c4 Qe6 26. Nb1 Qd7 27. Nc3 Nb4
28. Qb1 f5 29. Ne2 c6 30. Nf4 Qd2 31. Kh2 Bc3 32. f3 Qxe3 33. Nc2 Nxc2 34. Qxc2
Be5 35. Qd1 Bxf4 36. Qd8+ Kg7 37. Qe7+ Kh6 38. Qf8+ Kh5 39. Qg7 Bxg3+ 40. Kh3
exf3 41. gxf3 Bf4 42. Qxh7+ Bh6 43. Kg2 Nd3 0-1

[Event "Cto Aragon Equipos Pref Gr I "]
[Site "Aragon"]
[Date "2018.03.17"]
[Round "8.39"]
[White "Morato Garcia, Jesus"]
[Black "Hernandez Delgado, Gabriel"]
[Result "0-1"]
[WhiteElo "1914"]
[BlackElo "1853"]
[PlyCount "138"]
[EventDate "2018.??.??"]
[EventType "tourn"]
[EventRounds "9"]
[EventCountry "ESP"]
[WhiteTeam "Las Fuentes"]
[BlackTeam "El Olivar C"]

1. d4 c5 2. d5 g6 3. c4 Bg7 4. e4 d6 5. Nc3 Nf6 6. Be2 O-O 7. Nf3 Na6 8. O-O
Nc7 9. Rb1 e5 10. h3 Nh5 11. Nh2 Nf4 12. Be3 f5 13. Bxf4 exf4 14. exf5 Bxf5 15.
Bd3 Qf6 16. Nf3 Rae8 17. Qc2 Qd8 18. Rfe1 Bxd3 19. Qxd3 Rxe1+ 20. Rxe1 Re8 21.
Rxe8+ Qxe8 22. Ne4 Be5 23. Kf1 Qe7 24. Qe2 b6 25. b3 Kg7 26. Qe1 h6 27. Nc3 Ne8
28. Ne2 g5 29. Nc1 Bf6 30. Qxe7+ Bxe7 31. Ke2 Kf6 32. Kd3 Kf5 33. Nh2 Nf6 34.
f3 h5 35. Ne2 Nd7 36. Nc3 a6 37. Ne4 Ne5+ 38. Ke2 g4 39. hxg4+ hxg4 40. Nf1 Ng6
41. Nfd2 g3 42. Nb1 Ke5 43. Nbc3 Nh4 44. Kf1 Nf5 45. Nd1 Kd4 46. Ke2 Nh4 47.
Kf1 b5 48. cxb5 axb5 49. a4 bxa4 50. bxa4 Kxd5 51. a5 Kc6 52. Ndc3 Nf5 53. a6
Ne3+ 54. Kg1 Kb6 55. Ne2 d5 56. Nxf4 dxe4 57. fxe4 Kxa6 58. e5 c4 59. Ne2 Bc5
60. e6 Nf5+ 61. Kf1 Kb5 62. Ke1 Kb4 63. Kd2 Kb3 64. Kc1 c3 65. Nxc3 Kxc3 66.
Kd1 Kd3 67. Ke1 Bf2+ 68. Kd1 Ke4 69. Ke2 Ke5 0-1

[Event "Cto Aragon Equipos Pref Gr I "]
[Site "Aragon"]
[Date "2018.03.17"]
[Round "8.40"]
[White "De La Riva Fernandez, Eduardo"]
[Black "Javierre Conesa, Alfonso"]
[Result "1-0"]
[WhiteElo "1825"]
[BlackElo "1898"]
[PlyCount "63"]
[EventDate "2018.??.??"]
[EventType "tourn"]
[EventRounds "9"]
[EventCountry "ESP"]
[WhiteTeam "El Olivar C"]
[BlackTeam "Las Fuentes"]

1. e4 d6 2. d4 Nf6 3. Bd3 c5 4. Ne2 Nc6 5. c3 g6 6. f3 Bg7 7. Be3 O-O 8. O-O b6
9. Nd2 Bb7 10. h3 e5 11. d5 Ne7 12. Rb1 Nd7 13. Nc4 Qc7 14. a4 f5 15. Bg5 Bf6
16. Bh6 Bg7 17. Bxg7 Kxg7 18. f4 fxe4 19. Bxe4 Ba6 20. b3 Bxc4 21. bxc4 Nf5 22.
Qd3 Rae8 23. g4 Nh6 24. f5 gxf5 25. Bxf5 Nxf5 26. Rxf5 Rxf5 27. Qxf5 Qd8 28.
Ng3 Rf8 29. Qe6 Nf6 30. Nf5+ Kh8 31. Nxd6 Qd7 32. Qxe5 1-0

[Event "Cto Aragon Equipos Pref Gr I "]
[Site "Aragon"]
[Date "2018.03.17"]
[Round "8.41"]
[White "Vallverdu Miret, Oscar"]
[Black "Carruez Gracia, Eduardo"]
[Result "0-1"]
[WhiteElo "2082"]
[BlackElo "2024"]
[PlyCount "116"]
[EventDate "2018.??.??"]
[EventType "tourn"]
[EventRounds "9"]
[EventCountry "ESP"]
[WhiteTeam "Fraga"]
[BlackTeam "Agrupacion C"]

1. d4 d5 2. Bf4 Nf6 3. e3 c5 4. c3 Nc6 5. Nf3 Qb6 6. Qb3 c4 7. Qc2 Bf5 8. Qc1
e6 9. Nbd2 Qd8 10. Be2 Bd6 11. Bg3 O-O 12. b3 b5 13. a4 Bxg3 14. hxg3 a6 15.
Nh4 Be4 16. g4 h6 17. Nhf3 Qc7 18. Nxe4 Nxe4 19. b4 e5 20. Rh5 Nd6 21. Rh4 exd4
22. exd4 Qe7 23. g5 Rae8 24. Ra2 Ne4 25. gxh6 g6 26. Kf1 Qf6 27. axb5 axb5 28.
Ra6 Ra8 29. Rf4 Qe7 30. h7+ Kg7 31. Rxa8 Rxa8 32. Rh4 Kh8 33. g3 Qe6 34. Ng5
Nxg5 35. Qxg5 Ne7 36. Bf3 f6 37. Qd2 Ra1+ 38. Kg2 Qe1 39. Qh6 Qf1+ 40. Kh2
Qxf2+ 41. Bg2 Ra8 42. Rf4 Qe3 43. Qh3 Nf5 44. Rxf5 gxf5 45. Qxf5 Qh6+ 46. Kg1
Ra1+ 47. Bf1 Qe3+ 48. Kh2 Qg5 49. Qh3 Qg6 50. Bg2 Qxh7 51. Qxh7+ Kxh7 52. Bxd5
Rc1 53. Bc6 Rxc3 54. Bxb5 Rc1 55. d5 c3 56. Bd3+ Kg7 57. b5 Rd1 58. Be4 Rd4 0-1

[Event "Cto Aragon Equipos Pref Gr I "]
[Site "Aragon"]
[Date "2018.03.17"]
[Round "8.42"]
[White "Carruez Berges, Fernando"]
[Black "Aribau Rivas, Miguel Angel"]
[Result "0-1"]
[WhiteElo "1981"]
[BlackElo "2029"]
[PlyCount "70"]
[EventDate "2018.??.??"]
[EventType "tourn"]
[EventRounds "9"]
[EventCountry "ESP"]
[WhiteTeam "Agrupacion C"]
[BlackTeam "Fraga"]

1. e4 g6 2. d4 Bg7 3. Nc3 d6 4. f4 Nf6 5. Nf3 c5 6. dxc5 Qa5 7. Bd3 Qxc5 8. Qe2
O-O 9. Be3 Qa5 10. O-O Ng4 11. Bd2 Nc6 12. h3 Nf6 13. Nd5 Qd8 14. Bc3 Nxd5 15.
exd5 Bxc3 16. bxc3 Nb8 17. f5 Nd7 18. Rae1 Nf6 19. fxg6 hxg6 20. c4 Re8 21. Qd2
Kg7 22. Qg5 e5 23. dxe6 Bxe6 24. Nh4 Nh5 25. Rxf7+ Bxf7 26. Nf5+ Kg8 27. Re7
Rxe7 28. Nxe7+ Kf8 29. Nxg6+ Bxg6 30. Qxg6 Ng7 31. Qh6 Qe8 32. Bg6 Qe1+ 33. Kh2
Qe5+ 34. Kh1 Ke7 35. Qh4+ Kd7 0-1

[Event "Cto Aragon Equipos Pref Gr I "]
[Site "Aragon"]
[Date "2018.03.17"]
[Round "8.43"]
[White "Chine Infantes, Miguel Angel"]
[Black "Serrat Claver, David"]
[Result "1/2-1/2"]
[WhiteElo "1768"]
[BlackElo "1910"]
[PlyCount "76"]
[EventDate "2018.??.??"]
[EventType "tourn"]
[EventRounds "9"]
[EventCountry "ESP"]
[WhiteTeam "Fraga"]
[BlackTeam "Agrupacion C"]

1. e4 e5 2. Nf3 Nc6 3. Bc4 Bc5 4. d3 Nf6 5. Nc3 d6 6. h3 h6 7. Be3 Bb6 8. Bxb6
axb6 9. Nd5 Na5 10. Ne3 Nxc4 11. Nxc4 Be6 12. Ne3 O-O 13. O-O Nh7 14. a3 Ng5
15. Kh2 f5 16. Nxg5 Qxg5 17. Nxf5 Bxf5 18. exf5 Qxf5 19. Qg4 Rae8 20. Qxf5 Rxf5
21. f3 d5 22. Rfe1 Rf6 23. Re2 Rfe6 24. Rae1 Kf7 25. g4 b5 26. c3 c5 27. Kg3 g5
28. h4 d4 29. hxg5 hxg5 30. Rh2 Rg8 31. Rh7+ Rg7 32. Rh8 Rg8 33. Rxg8 Kxg8 34.
cxd4 cxd4 35. Rc1 Rc6 36. Re1 Re6 37. Rc1 Rc6 38. Re1 Re6 1/2-1/2

[Event "Cto Aragon Equipos Pref Gr I "]
[Site "Aragon"]
[Date "2018.03.17"]
[Round "8.44"]
[White "Navarro Sancho, Rafael"]
[Black "Agustin De Dios, Adrian"]
[Result "0-1"]
[WhiteElo "1772"]
[BlackElo "1707"]
[PlyCount "82"]
[EventDate "2018.??.??"]
[EventType "tourn"]
[EventRounds "9"]
[EventCountry "ESP"]
[WhiteTeam "Agrupacion C"]
[BlackTeam "Fraga"]

1. e4 c5 2. Nf3 d6 3. d4 cxd4 4. Nxd4 Nf6 5. Nc3 a6 6. Bg5 e6 7. f4 Be7 8. Qf3
Nbd7 9. O-O-O Qc7 10. Bd3 b5 11. Rhe1 Bb7 12. Qg3 h6 13. e5 dxe5 14. fxe5 Nh5
$2 15. Qg4 Bxg5+ 16. Kb1 Nf4 17. g3 Nxd3 18. Nxe6 fxe6 19. Qxe6+ Be7 20. Rxd3
O-O-O 21. Qxe7 Rhe8 22. Qxg7 Rxe5 23. Red1 Ree8 24. Qxh6 Rh8 25. Qe6 Qe5 26.
Qg4 Rhf8 27. Rxd7 Rxd7 28. Qxd7+ Kb8 29. a3 Rh8 30. Qd6+ Qxd6 31. Rxd6 Rxh2 32.
Rg6 Rh1+ 33. Ka2 Rh2 34. Kb3 Rh5 35. g4 Re5 36. g5 a5 37. Rg7 Bc6 38. g6 Rg5
39. Ne2 Be4 40. Rg8+ Kb7 41. g7 Bd5+ 0-1

[Event "Cto Aragon Equipos Pref Gr I "]
[Site "Aragon"]
[Date "2018.03.17"]
[Round "8.46"]
[White "Rodriguez Aranda, Kevin"]
[Black "Rodriguez Leiva, Manuel"]
[Result "0-1"]
[WhiteElo "1734"]
[BlackElo "1935"]
[PlyCount "145"]
[EventDate "2018.??.??"]
[EventType "tourn"]
[EventRounds "9"]
[EventCountry "ESP"]
[WhiteTeam "Monzon B"]
[BlackTeam "Jaime Casas B"]

1. e4 e6 2. d4 d5 3. Nd2 Nf6 4. e5 Nfd7 5. Bd3 c5 6. c3 Nc6 7. Ne2 f6 8. Nf4
Qe7 9. Qh5+ Qf7 10. Qxf7+ Kxf7 11. exf6 Nxf6 12. Nf3 Bd6 13. Ng5+ Ke7 14. dxc5
Bxf4 15. Bxf4 e5 16. Bg3 h6 17. Nh3 g5 18. O-O-O Be6 19. Rhe1 e4 20. Bb5 a6 21.
Ba4 Kf7 22. Ng1 Rad8 23. h3 h5 24. Ne2 h4 25. Bc7 Rc8 26. Bxc6 Rxc7 27. Ba4
Rxc5 28. Nd4 Bc8 29. Bb3 b5 30. f3 exf3 31. Nxf3 g4 32. hxg4 Bxg4 33. Ne5+ Kg7
34. Nxg4 Nxg4 35. Bxd5 Rf8 36. Re7+ Kh6 37. Bf3 Ne5 38. b4 Rxc3+ 39. Kb2 Re3
40. Rd6+ Kg5 41. Rg7+ Kf5 42. Bd5 Nd3+ 43. Kc3 Nf4+ 44. Kd4 Ra3 45. Kc5 Rc8+
46. Bc6 Ne6+ 47. Rxe6 Kxe6 48. Rg6+ Kf5 49. Rh6 Kg5 50. Re6 Rc3+ 51. Kb6 R3xc6+
52. Rxc6 Rxc6+ 53. Kxc6 Kg4 54. Kb7 Kg3 55. Kxa6 Kxg2 56. Kxb5 Kg3 57. Ka6 h3
58. b5 h2 59. b6 h1=Q 60. b7 Qh6+ 61. Ka7 Qe3+ 62. Ka6 Qe2+ 63. Kb6 Qb2+ 64.
Kc7 Qc3+ 65. Kb6 Qb4+ 66. Kc7 Qc5+ 67. Kd7 Qb6 68. Kc8 Qc6+ 69. Kb8 Kf4 70. Ka7
Qc7 71. a4 Ke5 72. Ka8 Qa5+ 73. Kb8 0-1

[Event "Cto Aragon Equipos Pref Gr I "]
[Site "Aragon"]
[Date "2018.03.17"]
[Round "8.47"]
[White "Salas Latorre, Jose"]
[Black "Arrieta Restrepo, Steven"]
[Result "0-1"]
[WhiteElo "1769"]
[BlackElo "1687"]
[PlyCount "74"]
[EventDate "2018.??.??"]
[EventType "tourn"]
[EventRounds "9"]
[EventCountry "ESP"]
[WhiteTeam "Jaime Casas B"]
[BlackTeam "Monzon B"]

1. c4 Nf6 2. Nc3 e6 3. e4 Nc6 4. Nf3 Bb4 5. e5 Bxc3 6. bxc3 Ng8 7. d4 d5 8. Bd3
Nge7 9. O-O h6 10. Nd2 O-O 11. f4 dxc4 12. Nxc4 b5 13. Ne3 b4 14. Bb2 Kh8 15.
Bc2 bxc3 16. Bxc3 Nd5 17. Qd3 g6 18. Nxd5 Qxd5 19. Rf3 a5 20. a3 Rd8 21. Rh3
Kg7 22. Rd1 Ne7 23. Qe3 Nf5 24. Bxf5 exf5 25. Be1 Bb7 26. Rd2 Qe4 27. Bh4 Qxe3+
28. Rxe3 Rd7 29. Rc3 Be4 30. Rc5 c6 31. Kf1 a4 32. Be1 Rb7 33. Rc3 Rb3 34. Rd1
Rab8 35. Rdc1 Rb2 36. Bf2 Ra2 37. g3 Rbb2 0-1

[Event "Cto Aragon Equipos Pref Gr I "]
[Site "Aragon"]
[Date "2018.03.17"]
[Round "8.48"]
[White "Mendoza Barcia, Pedro"]
[Black "Buil Rello, Jose Antonio"]
[Result "1-0"]
[WhiteElo "1686"]
[BlackElo "1761"]
[PlyCount "83"]
[EventDate "2018.??.??"]
[EventType "tourn"]
[EventRounds "9"]
[EventCountry "ESP"]
[WhiteTeam "Monzon B"]
[BlackTeam "Jaime Casas B"]

1. e4 e5 2. Nf3 d6 3. d4 Nd7 4. Bc4 Be7 5. dxe5 Nxe5 6. Nxe5 dxe5 7. Qh5 g6 8.
Qxe5 Nf6 9. O-O O-O 10. Bh6 Re8 11. Qc3 Bd6 12. f3 c6 13. Qb3 Qe7 14. a4 Nd7
15. f4 Bc5+ 16. Kh1 Bd4 17. e5 Nc5 18. Qa2 Be6 19. c3 Be3 20. b4 b5 21. axb5
cxb5 22. Bxe6 Nxe6 23. Qe2 Bb6 24. f5 Nc7 25. Bf4 f6 26. fxg6 hxg6 27. Qd3 f5
28. Qg3 Qf7 29. Na3 Rad8 30. Rad1 a6 31. Nc2 Nd5 32. Nd4 Bxd4 33. Rxd4 Rd7 34.
Rfd1 Red8 35. Bg5 Rc8 36. Qe1 Qe6 37. Qd2 Nxc3 38. Rxd7 Nxd1 39. Rd8+ Rxd8 40.
Qxd8+ Kf7 41. Qxd1 Qxe5 42. h3 1-0

[Event "Cto Aragon Equipos Pref Gr I "]
[Site "Aragon"]
[Date "2018.03.17"]
[Round "8.49"]
[White "Gutierrez Mingueza, Ruben"]
[Black "Cid Royo, Jonathan"]
[Result "1/2-1/2"]
[WhiteElo "2080"]
[BlackElo "2244"]
[PlyCount "73"]
[EventDate "2018.??.??"]
[EventType "tourn"]
[EventRounds "9"]
[EventCountry "ESP"]
[WhiteTeam "San Jose"]
[BlackTeam "L'Aurora Estadilla"]

1. d4 d5 2. Nf3 e6 3. c4 c6 4. Nc3 Nf6 5. e3 Nbd7 6. Qc2 Bd6 7. Bd3 O-O 8. O-O
dxc4 9. Bxc4 e5 10. h3 h6 11. Rd1 Qe7 12. Nh4 Nb6 13. Bb3 Be6 14. Nf5 Bxf5 15.
Qxf5 Rad8 16. dxe5 Qxe5 17. Qxe5 Bxe5 18. Bd2 Nbd5 19. Nxd5 Nxd5 20. Rab1 g5
21. g3 Kg7 22. f4 Bc7 23. Bxd5 Rxd5 24. Bc3+ Kg6 25. Rxd5 cxd5 26. Rd1 Rd8 27.
Kf2 f6 28. Bd4 Bb8 29. Rd3 h5 30. Kf3 f5 31. fxg5 Kxg5 32. Rb3 Rd7 33. Ra3 a6
34. Rc3 Bc7 35. Rb3 Bd8 36. Rc3 Bc7 37. Rb3 1/2-1/2

[Event "Cto Aragon Equipos Pref Gr I "]
[Site "Aragon"]
[Date "2018.03.17"]
[Round "8.5"]
[White "Cid Royo, Oscar"]
[Black "Gracia Suarez, Jesus"]
[Result "1-0"]
[WhiteElo "2001"]
[BlackElo "2080"]
[PlyCount "63"]
[EventDate "2018.??.??"]
[EventType "tourn"]
[EventRounds "9"]
[EventCountry "ESP"]
[WhiteTeam "L'Aurora Estadilla"]
[BlackTeam "San Jose"]

1. d4 Nf6 2. Nf3 c5 3. c3 g6 4. Bf4 Bg7 5. e3 O-O 6. h3 d6 7. Bd3 Nc6 8. Bc2
cxd4 9. exd4 Qa5 10. O-O Bf5 11. Nbd2 Rfe8 12. Bb3 d5 13. Ne5 Rad8 14. Ndf3 Ne4
15. Re1 Qb5 16. c4 Qb6 17. cxd5 Na5 18. g4 Nd6 19. gxf5 Nxf5 20. Rc1 Nxb3 21.
Qxb3 Qxb3 22. axb3 Rxd5 23. Be3 Rb5 24. Rc3 Rd8 25. Rec1 Nd6 26. Rc7 Bf6 27.
R1c3 Kg7 28. Rd7 Rb8 29. Ng4 Ne4 30. Rcc7 Rf5 31. Bh6+ Kg8 32. Rxb7 1-0

[Event "Cto Aragon Equipos Pref Gr I "]
[Site "Aragon"]
[Date "2018.03.17"]
[Round "8.51"]
[White "Ferreruela Romero, Jose Joaquin"]
[Black "Felez Casedas, Carlos"]
[Result "1-0"]
[WhiteElo "2021"]
[BlackElo "1998"]
[PlyCount "98"]
[EventDate "2018.??.??"]
[EventType "tourn"]
[EventRounds "9"]
[EventCountry "ESP"]
[WhiteTeam "San Jose"]
[BlackTeam "L'Aurora Estadilla"]

1. c4 e6 2. e4 d5 3. cxd5 exd5 4. exd5 Nf6 5. Bb5+ Bd7 6. Bc4 Bd6 7. Qe2+ Qe7
8. Qxe7+ Kxe7 9. Nc3 a6 10. a4 Re8 11. Nge2 Kf8 12. O-O Bf5 13. d3 Nbd7 14. Bg5
h6 15. Bxf6 Nxf6 16. Ng3 Bg6 17. Rfe1 Rxe1+ 18. Rxe1 Re8 19. Rxe8+ Kxe8 20.
Nge4 Be5 21. Nc5 Bd4 22. Nxb7 Ng4 23. Nd1 Ne5 24. Bxa6 Nxd3 25. b3 Nb4 26. Bc4
Kd7 27. Ne3 Be4 28. Kf1 f5 29. g3 g5 30. Bb5+ Kc8 31. Na5 f4 32. gxf4 gxf4 33.
Ng2 Nxd5 34. Bc4 f3 35. Ne1 Nb6 36. Be6+ Kd8 37. Nc4 Nxc4 38. Bxc4 Kd7 39. Bd3
Bd5 40. Bc4 Be4 41. Bd3 Bd5 42. Bc2 Be5 43. h3 Be6 44. h4 Bh3+ 45. Kg1 Be6 46.
Nxf3 Bg4 47. Nh2 Be2 48. Bf5+ Kd6 49. Bg4 Bd3 1-0

[Event "Cto Aragon Equipos Pref Gr I "]
[Site "Aragon"]
[Date "2018.03.17"]
[Round "8.52"]
[White "Pellicer Cemeli, Jose Luis"]
[Black "Palomar Ramon, Santiago"]
[Result "1/2-1/2"]
[WhiteElo "1969"]
[BlackElo "1914"]
[PlyCount "112"]
[EventDate "2018.??.??"]
[EventType "tourn"]
[EventRounds "9"]
[EventCountry "ESP"]
[WhiteTeam "L'Aurora Estadilla"]
[BlackTeam "San Jose"]

1. d4 d5 2. c4 e6 3. Nc3 Nf6 4. cxd5 exd5 5. Bg5 c6 6. Qc2 {D36 Queen's Gambit
Declined: Exchange Variation, Reshevsky Variation} Nbd7 7. e3 Be7 8. Bd3 Nf8 9.
h3 Ne6 10. Bh4 g6 11. Nf3 Ng7 12. g4 O-O 13. Ne5 Nd7 14. Bg3 Nxe5 15. Bxe5 Bd6
16. Bxd6 Qxd6 17. O-O-O f5 18. Rdg1 f4 19. h4 fxe3 20. fxe3 Rf3 21. h5 Rg3 22.
hxg6 Bxg4 23. gxh7+ Kh8 24. Qh2 Rxg1+ 25. Qxg1 Bf5 26. Bxf5 Nxf5 27. Ne2 Rf8
28. Nf4 Ne7 29. Qg4 Qf6 30. Ne6 Rf7 31. Nd8 Rxh7 32. Rxh7+ Kxh7 33. Qh3+ Kg7
34. Nxb7 Nf5 35. Kd2 Qg5 36. Nc5 Nxd4 37. Ne6+ Nxe6 38. Qxe6 Qf6 39. Qg4+ Kf7
40. Qb4 Qe7 41. Qd4 Ke8 42. Kc3 Kd8 43. b4 Kc8 44. a4 Kb8 45. Qc5 Qd7 46. b5
Kb7 47. Kb4 Qg4+ 48. Qd4 Qd7 49. bxc6+ Qxc6 50. a5 a6 51. Qc5 Kc7 52. Qa7+ Kd6
53. Qb8+ Kd7 54. Qa7+ Kd6 55. Qb8+ Kd7 56. Qa7+ Kd6 1/2-1/2

[Event "Cto Aragon Equipos Pref Gr II"]
[Site "Aragon"]
[Date "2018.03.17"]
[Round "8.53"]
[White "Garcia Morales, Roberto"]
[Black "Planas Torrea, Francisco Javier"]
[Result "0-1"]
[WhiteElo "2066"]
[BlackElo "2029"]
[PlyCount "94"]
[EventDate "2018.??.??"]
[EventType "tourn"]
[EventRounds "9"]
[EventCountry "ESP"]
[WhiteTeam "Agrupacion B"]
[BlackTeam "Ejea"]

1. e4 c6 2. d4 d5 3. Nc3 dxe4 4. Nxe4 Bf5 5. Ng3 Bg6 6. Nf3 Nd7 7. h4 h6 8. h5
Bh7 9. Bd3 Bxd3 10. Qxd3 Qc7 11. Bd2 Ngf6 12. O-O-O e6 13. Kb1 O-O-O 14. Qe2
Bd6 15. Ne4 Nxe4 16. Qxe4 Nf6 17. Qe2 Rhe8 18. Qc4 Ne4 19. Be3 Bf4 20. Qe2 Bxe3
21. Qxe3 Nf6 22. Ne5 Nd5 23. Qf3 f6 24. Nd3 Re7 25. Rhe1 Kb8 26. Qg4 Rde8 27.
Nc5 Qf4 28. Qe2 Kc7 29. g3 Qf5 30. Nd3 e5 31. dxe5 fxe5 32. Qe4 Qxe4 33. Rxe4
Nf6 34. Rh4 e4 35. Nf4 e3 36. fxe3 Rxe3 37. Rh3 Ne4 38. g4 Nf2 39. Rxe3 Rxe3
40. Rg1 Re4 41. Nd3 Rxg4 42. Rxg4 Nxg4 43. Kc1 Kd6 44. Kd2 Nf6 45. Ke3 Nxh5 46.
Ke4 g6 47. Ne5 Ng3+ 0-1

[Event "Cto Aragon Equipos Pref Gr II"]
[Site "Aragon"]
[Date "2018.03.17"]
[Round "8.54"]
[White "Planas Torrea, Alberto"]
[Black "Montes Santos, Lorenzo"]
[Result "0-1"]
[WhiteElo "1941"]
[BlackElo "2058"]
[PlyCount "80"]
[EventDate "2018.??.??"]
[EventType "tourn"]
[EventRounds "9"]
[EventCountry "ESP"]
[WhiteTeam "Ejea"]
[BlackTeam "Agrupacion B"]

1. e4 c5 2. Nf3 g6 3. d4 Bg7 4. Nc3 cxd4 5. Nxd4 Nc6 6. Be3 Nf6 7. Be2 O-O 8.
O-O d6 9. h3 Bd7 10. Qd2 Rc8 11. f4 a6 12. a4 Qc7 13. Nb3 Be6 14. a5 Qb8 15.
Ra4 Bd7 16. Rc4 Be6 17. Ra4 Bd7 18. Rc4 Be6 19. Nd5 Bxd5 20. exd5 Na7 21. Rxc8
Nxc8 22. Qd3 Qc7 23. Qc4 Qd7 24. Bf3 Re8 25. Qb4 Qc7 26. c3 Nd7 27. Re1 h5 28.
g4 hxg4 29. hxg4 g5 30. fxg5 Ne5 31. Be2 e6 32. Nd4 Qd7 33. dxe6 fxe6 34. Nf3
d5 35. Bd4 Nc6 36. Qa3 e5 37. Nh4 exd4 38. cxd4 Rxe2 39. Rxe2 Qxg4+ 40. Rg2
Bxd4+ 0-1